| 000 | 00952nam0a2200253 4500 | ||
|---|---|---|---|
| 001 | RU\NLR\BIBL_A\011992586 | ||
| 005 | 20260406152252.0 | ||
| 035 | _a(NLR Aleph) 011992586 | ||
| 090 |
_a13422401 _c13422401 |
||
| 100 | _a20190418d1952 d y0rusy50 ca | ||
| 101 | 1 |
_akir _crus |
|
| 102 | _aKG | ||
| 105 | _aa z 000ay | ||
| 200 | 1 |
_aАк пудель _fА. Куприн _gкотор. Ш. Сматов _gcүрѳт. Ильина Л. А. |
|
| 210 |
_aФрунзе _cКыргызмамбас _d1952 |
||
| 215 |
_a58,[1] c. _cил. _d20 |
||
| 541 | 1 |
_aБелый пудель _zrus |
|
| 686 | 1 | _aШ9(2)672-Ки(Р)-4 | |
| 700 | 1 |
_4070 _8rus _7ca _aКуприн _bА. И. _cписатель _f1870-1938 _gАлександр Иванович _3RU\NLR\AUTH\775766 _9115725 |
|
| 702 | 1 |
_aИльина _bЛ. А. _cхудожник _f1915-1994 _gЛидия Александровна _4040 |
|
| 852 |
_aNLR _bОНЛ _jКирг./2-1299 |
||
| 942 | _cBOOK | ||
| 980 | _aNB | ||